Statistics for Kansas City Chiefs

Click here to take the quiz!

General Stats

  • This quiz has been taken 107 times
  • The average score is 15 of 20

Answer Stats

QuestionAnswer% Correct
What stadium do the Chiefs call home?Arrowhead Stadium
98%
Which state is this stadium in?Missouri
98%
How many Super Bowls has the team won?2
96%
Who is their current quarterback?Patrick Mahomes
96%
What number does Tight End Travis Kelce wear?87
90%
Current head coach?Andy Reid
90%
Which NFL conference and division do the chiefs currently play in?AFC West
88%
Which Chiefs player is known as "The Cheetah"?Tyreek Hill
88%
Which Super Bowl did they most recently win?LIV
86%
Who was the starting quarterback for their first Super Bowl win?Len Dawson
81%
In what year was the original franchise founded?1960
79%
When did they win the first of these?1970
79%
Who founded the Chiefs?Lamar Hunt
75%
When did he move the team to Kansas City?1963
74%
What was the team called back then?Dallas Texans
70%
How many Pro Football Hall of Fame members do the Chiefs currently have?23
55%
Offensive Coordinator?Eric Bieniemy
40%
Who is the current Defensive Coordinator who helped restart the Chiefs's defense in 2019?Steve Spagnuolo
40%
What is the 2019-20 Chiefs offense known as?Legion of Zoom
38%
Who was the chiefs top draft pick in 2019?Mecole Hardman
38%

Score Distribution

Percentile by Number Answered

Percent of People with Each Score

Your Score History

You have not taken this quiz